000 00660nam a2200277Ia 4500
005 20260324125935.0
008 008 260324s9999 xx 000 0 eng d
020 _a9780203933626
037 _aEBOOK
040 _aCRL
040 _beng
040 _cCRL
041 _2eng
041 _aeng
084 _qCRL
100 _aArthur T. Costigan
_91179913
245 0 _aTeaching Authentic Language Arts in a Test-Driven Era
260 _bTaylor and Francis
260 _c2008
365 _a
365 _b255
856 _uhttp://www.taylorfrancis.com/books/9780203933626
942 _cEBOOK
999 _c1775595
_d1775595